[Event "17. Int. Offene Wiener Schachmeisterschaft 2011 A-
[Site "Grosser Festsaal im Wiener Rathaus"]
[Date "2011.08.17"]
[Round "5"]
[Board "1"]
[White "Hera, Imre"]
[Black "Lekic, Dusan"]
[Result "0-1"]
[WhiteElo "2536"]
[BlackElo "2378"]
[PlyCount "82"]
[EventDate "2011.08.13"]
[EventRounds "9"]
[EventCountry "AUT"]

1.Nf3 c5 2.c4 Nc6 3.g3 g6 4.Bg2 Bg7 5.Nc3 e6 6.d3 Nge7 7.Bg5 h6 8.Bd2 b6 9.O-O
O-O 10.a3 a5 11.Rb1 d5 12.Qa4 d4 13.Nb5 Bd7 14.Ne1 e5 15.Qd1 a4 16.e3 Ra6 17.Nc2
Bf5 18.e4 Be6 19.f4 Qd7 20.Qe2 Raa8 21.Ne1 Rae8 22.Qd1 Na7 23.Nxa7 Qxa7 24.Nf3
f6 25.b4 b5 26.cxb5 c4 27.dxc4 Bxc4 28.Re1 Bxb5 29.Bf1 Qb7 30.Bxb5 Qxb5 31.Qe2
d3 32.Qf2 Rc8 33.Rbc1 Rc2 34.Rxc2 dxc2 35.Qc5 Qxc5+ 36.bxc5 Rc8 37.Be3 exf4
38.gxf4 f5 39.e5 Nd5 40.Bd2 Bf8 41.Bb4 Nxf4 0-1

[Event "17. Int. Offene Wiener Schachmeisterschaft 2011 A-
[Site "Grosser Festsaal im Wiener Rathaus"]
[Date "2011.08.17"]
[Round "5"]
[Board "1"]
[White "Kummer, Helmut"]
[Black "Rombaldoni, Denis"]
[Result "0-1"]
[WhiteElo "2362"]
[BlackElo "2495"]
[PlyCount "70"]
[EventDate "2011.08.13"]
[EventRounds "9"]
[EventCountry "AUT"]

1.d4 d5 2.c4 c6 3.Nf3 Nf6 4.Nc3 dxc4 5.a4 Bf5 6.Ne5 Nbd7 7.Nxc4 Qc7 8.g3 e5
9.dxe5 Nxe5 10.Bf4 Nfd7 11.Bg2 f6 12.O-O O-O-O 13.Qc1 Nc5 14.Bxe5 fxe5 15.Qe3
Nb3 16.Rad1 Bc5 17.Qxe5 Qxe5 18.Nxe5 Rhe8 19.Rxd8+ Rxd8 20.Be4 Bxe4 21.Nxe4 Rd4
22.Ng5 Rxa4 23.e3 h6 24.Ne6 Re4 25.Nxc5 Nxc5 26.Ng6 Nd3 27.Ra1 Kb8 28.Rd1 Nxb2
29.Rd8+ Kc7 30.Rg8 a5 31.Rxg7+ Kb6 32.Ne7 Nc4 33.Nf5 a4 34.Rd7 Re5 35.Rd4 a3 0-1

[Event "17. Int. Offene Wiener Schachmeisterschaft 2011 A-
[Site "Grosser Festsaal im Wiener Rathaus"]
[Date "2011.08.17"]
[Round "5"]
[Board "1"]
[White "Riff, Jean-Noel"]
[Black "Buljubasic, Sabahudin"]
[Result "1-0"]
[WhiteElo "2493"]
[BlackElo "2333"]
[PlyCount "39"]
[EventDate "2011.08.13"]
[EventRounds "9"]
[EventCountry "AUT"]

1.e4 c5 2.Nf3 e6 3.Nc3 Nc6 4.Bb5 Nge7 5.O-O a6 6.Bxc6 Nxc6 7.d4 cxd4 8.Nxd4 Qc7
9.Re1 Be7 10.Nf5 O-O 11.Nxe7+ Nxe7 12.Qh5 Ng6 13.e5 b5 14.Bg5 Bb7 15.Re3 Rfe8
16.Rae1 d6 17.Rh3 h6 18.Bxh6 dxe5 19.Bg5 f6 20.Qh7+ 1-0

[Event "17. Int. Offene Wiener Schachmeisterschaft 2011 A-
[Site "Grosser Festsaal im Wiener Rathaus"]
[Date "2011.08.17"]
[Round "5"]
[Board "1"]
[White "Maryasin, Boris"]
[Black "Farago, Ivan"]
[Result "1-0"]
[WhiteElo "2321"]
[BlackElo "2485"]
[PlyCount "93"]
[EventDate "2011.08.13"]
[EventRounds "9"]
[EventCountry "AUT"]

1.e4 e6 2.d4 d5 3.e5 c5 4.c3 Qb6 5.Nf3 Nc6 6.a3 c4 7.Nbd2 Na5 8.Be2 Bd7 9.O-O
Ne7 10.Rb1 Qc7 11.Re1 Nc8 12.Nf1 Nb6 13.Bg5 h6 14.Bh4 Ba4 15.Qc1 Be7 16.Bxe7
Qxe7 17.Ng3 O-O-O 18.Qe3 Rdg8 19.Nd2 Bc2 20.Rbc1 Bg6 21.Bd1 h5 22.f4 h4 23.Ngf1
Kb8 24.Qf2 Bd3 25.Ne3 g5 26.f5 exf5 27.Nxf5 Bxf5 28.Qxf5 f6 29.Nf3 fxe5 30.Rxe5
Qc7 31.Nxg5 Nc6 32.Ne6 Qd6 33.Re3 Rh6 34.Bg4 a6 35.h3 Nd7 36.Ng5 Rf6 37.Qxd7 Qf4
38.Rce1 Qf2+ 39.Kh1 Rxg5 40.R3e2 Qg3 41.Qe8+ Ka7 42.Qe3 Rg7 43.Qxg3 hxg3 44.Bf3
Rd6 45.Re6 Rdd7 46.Kg1 Kb6 47.R1e5 1-0

[Event "17. Int. Offene Wiener Schachmeisterschaft 2011 A-
[Site "Grosser Festsaal im Wiener Rathaus"]
[Date "2011.08.17"]
[Round "5"]
[Board "1"]
[White "Rau, Hannes"]
[Black "Froewis, Georg"]
[Result "1-0"]
[WhiteElo "2448"]
[BlackElo "2329"]
[PlyCount "111"]
[EventDate "2011.08.13"]
[EventRounds "9"]
[EventCountry "AUT"]

1.c4 e6 2.Nf3 d5 3.g3 Nf6 4.Bg2 c6 5.Qc2 Nbd7 6.O-O Bd6 7.d4 O-O 8.b3 Qe7 9.Bb2
e5 10.dxe5 Nxe5 11.Nbd2 Bg4 12.Nd4 Qd7 13.c5 Bc7 14.f4 Ng6 15.f5 Ne5 16.h3 Rae8
17.hxg4 Nexg4 18.Rf3 Ne4 19.Nf1 Qd8 20.Rd1 Qg5 21.Bc1 Qh5 22.Bf4 Be5 23.Bxe5
Rxe5 24.Rdd3 Rfe8 25.Rf4 Ng5 26.Qd2 Nh3+ 27.Bxh3 Qxh3 28.e3 g5 29.Rf3 Re4 30.Rc3
Qh5 31.Qg2 Ne5 32.Rf2 Ng4 33.Rf3 Ne5 34.Rf2 Ng4 35.Re2 Nf6 36.Rcc2 Nd7 37.Qh1
Qxh1+ 38.Kxh1 Nxc5 39.Nxc6 Nxb3 40.axb3 bxc6 41.Rxc6 d4 42.Rc4 d3 43.Rd2 Rxc4
44.bxc4 Rc8 45.Rxd3 Rxc4 46.Nd2 Ra4 47.e4 Kg7 48.Kg2 h5 49.Kf3 a5 50.e5 h4
51.Ne4 g4+ 52.Kf4 h3 53.Rd2 Rb4 54.e6 fxe6 55.fxe6 a4 56.Kf5 1-0

[Event "17. Int. Offene Wiener Schachmeisterschaft 2011 A-
[Site "Grosser Festsaal im Wiener Rathaus"]
[Date "2011.08.17"]
[Round "5"]
[Board "1"]
[White "Ortmann, David"]
[Black "Renner, Christoph"]
[Result "1-0"]
[WhiteElo "2322"]
[BlackElo "2434"]
[PlyCount "85"]
[EventDate "2011.08.13"]
[EventRounds "9"]
[EventCountry "AUT"]

1.Nf3 Nf6 2.c4 d6 3.d4 Nbd7 4.Nc3 e5 5.e4 g6 6.Be2 Bg7 7.O-O O-O 8.Be3 c6 9.d5
cxd5 10.cxd5 Ng4 11.Bg5 f6 12.Bd2 a6 13.Ne1 Nh6 14.Be3 f5 15.f3 Nf6 16.Qd2 f4
17.Bf2 Bd7 18.b3 g5 19.h3 b5 20.Nc2 Nf7 21.a4 bxa4 22.Nxa4 Bb5 23.Bxb5 axb5
24.Nc3 Rxa1 25.Rxa1 h5 26.Nxb5 g4 27.Qa5 Qd7 28.Qb6 gxf3 29.Ra7 Qc8 30.Rc7 Qe8
31.gxf3 Ng5 32.Nxd6 Qg6 33.Kf1 Nxf3 34.Nf5 Rf7 35.Qe6 Bf8 36.d6 Ng5 37.Qxe5
Nfxe4 38.Ne7+ Bxe7 39.dxe7 Ng3+ 40.Kg2 f3+ 41.Kh2 Nf1+ 42.Kh1 Rxe7 43.Qxe7 1-0

[Event "17. Int. Offene Wiener Schachmeisterschaft 2011 A-
[Site "Grosser Festsaal im Wiener Rathaus"]
[Date "2011.08.17"]
[Round "5"]
[Board "1"]
[White "Traunwieser, Georg"]
[Black "Gozzoli, Yannick"]
[Result "0-1"]
[WhiteElo "2169"]
[BlackElo "2532"]
[PlyCount "48"]
[EventDate "2011.08.13"]
[EventRounds "9"]
[EventCountry "AUT"]

1.d4 Nf6 2.c4 e6 3.Nc3 c5 4.Nf3 d5 5.e3 Nc6 6.a3 a6 7.dxc5 Bxc5 8.b4 Ba7 9.c5 e5
10.Bb2 O-O 11.Na4 Re8 12.Be2 Qc7 13.Qc2 Bd7 14.Rc1 Rad8 15.O-O Bb8 16.Nb6 Bg4
17.g3 d4 18.Ne1 e4 19.Bxg4 Nxg4 20.exd4 Nxd4 21.Bxd4 Rxd4 22.Nc4 Qc6 23.Qe2 Nxh2
24.Kxh2 Qh6+ 0-1

[Event "17. Int. Offene Wiener Schachmeisterschaft 2011 A-
[Site "Grosser Festsaal im Wiener Rathaus"]
[Date "2011.08.17"]
[Round "5"]
[Board "1"]
[White "Kraidman, Yair"]
[Black "Gleizerov, Evgeny"]
[Result "0-1"]
[WhiteElo "2265"]
[BlackElo "2590"]
[PlyCount "62"]
[EventDate "2011.08.13"]
[EventRounds "9"]
[EventCountry "AUT"]

1.d4 e6 2.c4 f5 3.Nf3 Nf6 4.g3 d5 5.Bg2 c6 6.Nbd2 Bd6 7.b3 O-O 8.Bb2 b6 9.O-O
Bb7 10.Ne5 Qe7 11.a3 a5 12.Qc2 Na6 13.e3 Rac8 14.Rfc1 c5 15.Qd1 Ne4 16.cxd5 exd5
17.f4 cxd4 18.exd4 Rxc1 19.Qxc1 Rc8 20.Qd1 Nc7 21.a4 Bxe5 22.fxe5 Qg5 23.Nxe4
dxe4 24.Bc1 Qd8 25.Ba3 Ne6 26.Bb2 Qd5 27.Rc1 Rd8 28.Rc4 Qxe5 29.Qh5 Qf6 30.d5
Qxb2 31.dxe6 e3 0-1

[Event "17. Int. Offene Wiener Schachmeisterschaft 2011 A-
[Site "Grosser Festsaal im Wiener Rathaus"]
[Date "2011.08.17"]
[Round "5"]
[Board "1"]
[White "Poetz, Florian"]
[Black "Singer, Richard"]
[Result "1/2-1/2"]
[WhiteElo "2416"]
[BlackElo "2260"]
[PlyCount "70"]
[EventDate "2011.08.13"]
[EventRounds "9"]
[EventCountry "AUT"]

1.e4 c6 2.c4 e5 3.Nf3 d6 4.d4 Nd7 5.Nc3 Ngf6 6.Be2 Be7 7.O-O O-O 8.h3 a6 9.Rb1
b5 10.b4 Qc7 11.Qb3 exd4 12.Nxd4 bxc4 13.Bxc4 Ne5 14.Be2 Rb8 15.f4 Ng6 16.Qc4 c5
17.Be3 Re8 18.bxc5 Rxb1 19.Rxb1 dxc5 20.e5 Nxe5 21.fxe5 Qxe5 22.Nc2 Bd6 23.Bf2
Qh2+ 24.Kf1 Bxh3 25.gxh3 Qh1+ 26.Bg1 Bg3 27.Bg4 h5 28.Qd3 Bh2 29.Ne2 hxg4
30.hxg4 Bxg1 31.Nxg1 Nxg4 32.Re1 Nh2+ 33.Kf2 Ng4+ 34.Kf1 Nh2+ 35.Kf2 Ng4+ 1/2-1/2

[Event "17. Int. Offene Wiener Schachmeisterschaft 2011 A-
[Site "Grosser Festsaal im Wiener Rathaus"]
[Date "2011.08.17"]
[Round "5"]
[Board "1"]
[White "Groetz, Harald"]
[Black "Barle, Janez"]
[Result "0-1"]
[WhiteElo "2256"]
[BlackElo "2410"]
[PlyCount "80"]
[EventDate "2011.08.13"]
[EventRounds "9"]
[EventCountry "AUT"]

1.e4 e5 2.Nf3 Nc6 3.Bb5 a6 4.Bxc6 dxc6 5.O-O Bd6 6.d4 exd4 7.Qxd4 f6 8.Be3 Ne7
9.Nbd2 Be6 10.Rad1 O-O 11.Qc3 Qe8 12.Nd4 Qh5 13.f4 Bd7 14.Nc4 Rfd8 15.Qb3 Kh8
16.Nxd6 cxd6 17.Ne6 Bxe6 18.Qxe6 Ng6 19.Qb3 Rd7 20.Qd3 Re8 21.Rf3 Nf8 22.Rh3 Qf7
23.Bd4 Qxa2 24.b3 Qa5 25.c4 Qc7 26.f5 Rde7 27.Rh4 c5 28.Bc3 Qc6 29.Re1 b5 30.Rf4
b4 31.Bb2 a5 32.g4 Nd7 33.h4 Ne5 34.Qd1 a4 35.g5 axb3 36.Qxb3 Ra8 37.Rd1 Kg8
38.Rf2 Qxe4 39.Rxd6 Qxh4 40.gxf6 Ng4 0-1

[Event "17. Int. Offene Wiener Schachmeisterschaft 2011 A-
[Site "Grosser Festsaal im Wiener Rathaus"]
[Date "2011.08.17"]
[Round "5"]
[Board "1"]
[White "Krebs, Johann"]
[Black "Poetsch, Hagen"]
[Result "1/2-1/2"]
[WhiteElo "2256"]
[BlackElo "2403"]
[PlyCount "101"]
[EventDate "2011.08.13"]
[EventRounds "9"]
[EventCountry "AUT"]

1.d4 Nf6 2.c4 e6 3.Nc3 Bb4 4.Qc2 O-O 5.a3 Bxc3+ 6.Qxc3 d5 7.Bg5 dxc4 8.Qxc4 b6
9.Nf3 Ba6 10.Qa4 Bb7 11.e3 Nbd7 12.Bb5 a6 13.Bc6 b5 14.Qc2 Qb8 15.O-O Bxc6
16.Qxc6 Qb6 17.Rfc1 Rfc8 18.Bxf6 Nxf6 19.Ne5 Rab8 20.Qxb6 Rxb6 21.Rc6 Rxc6
22.Nxc6 Kf8 23.Rc1 Nd5 24.Kf1 Ke8 25.Ke2 Ra8 26.Rc5 f6 27.Kd2 Kd7 28.e4 Nb6
29.Na5 Rf8 30.g4 g6 31.b3 f5 32.gxf5 gxf5 33.exf5 exf5 34.Rc6 Rf7 35.Rh6 Re7
36.Nb7 Ke8 37.Nc5 a5 38.Rf6 Rf7 39.Rh6 Re7 40.Rf6 Rf7 41.Rc6 Re7 42.Ne6 Nd5
43.Rc5 c6 44.Ng5 Kd7 45.a4 bxa4 46.bxa4 Kd6 47.Rxa5 Rb7 48.Ra8 h6 49.Nf3 Rb2+
50.Ke1 Rb1+ 51.Kd2 1/2-1/2

[Event "17. Int. Offene Wiener Schachmeisterschaft 2011 A-
[Site "Grosser Festsaal im Wiener Rathaus"]
[Date "2011.08.17"]
[Round "5"]
[Board "1"]
[White "Haast, Anne"]
[Black "Schachinger, Mario"]
[Result "0-1"]
[WhiteElo "2223"]
[BlackElo "2360"]
[PlyCount "112"]
[EventDate "2011.08.13"]
[EventRounds "9"]
[EventCountry "AUT"]

1.e4 c6 2.d4 d5 3.exd5 cxd5 4.c4 Nf6 5.Nc3 Nc6 6.Bg5 dxc4 7.Bxc4 h6 8.Bf4 e6
9.Nf3 Bd6 10.Ne5 O-O 11.O-O Qe7 12.Nxc6 bxc6 13.Be5 Bb7 14.Qe2 c5 15.Nb5 Bb8
16.Bxf6 Qxf6 17.dxc5 Qg5 18.f4 Bxf4 19.Kh1 Rad8 20.Rxf4 Qxf4 21.Nd6 Rxd6 22.cxd6
Qxd6 23.Rd1 Qc5 24.h3 Bc6 25.Bd3 Bd5 26.b3 Qc6 27.Rd2 Qc3 28.Rc2 Qd4 29.Bc4 Rd8
30.Bxd5 Rxd5 31.Rc8+ Kh7 32.Rc1 e5 33.Rc4 Qd1+ 34.Qxd1 Rxd1+ 35.Kh2 Rd7 36.Ra4
Kg6 37.Kg3 f5 38.Kf3 Kg5 39.Ke2 f4 40.Ra5 Kf5 41.Rc5 g6 42.b4 Rd6 43.Rc3 Ra6
44.a3 g5 45.b5 Ra4 46.Kd2 e4 47.Kc2 e3 48.Kd3 Re4 49.Ke2 h5 50.Rc7 Ra4 51.Rc5+
Ke4 52.Rxg5 Rxa3 53.Rxh5 Ra2+ 54.Kf1 Ra1+ 55.Ke2 Rg1 56.Rg5 Rxg2+ 0-1

[Event "17. Int. Offene Wiener Schachmeisterschaft 2011 A-
[Site "Grosser Festsaal im Wiener Rathaus"]
[Date "2011.08.17"]
[Round "5"]
[Board "1"]
[White "Schneider-Zinner, Harald"]
[Black "Namyslo, Holger"]
[Result "1-0"]
[WhiteElo "2346"]
[BlackElo "2248"]
[PlyCount "67"]
[EventDate "2011.08.13"]
[EventRounds "9"]
[EventCountry "AUT"]

1.c4 c6 2.Nf3 d5 3.g3 Nf6 4.Bg2 g6 5.cxd5 cxd5 6.d4 Bg7 7.O-O O-O 8.Nc3 Nc6
9.Ne5 Be6 10.Bf4 Nh5 11.Nxc6 bxc6 12.Be3 c5 13.Na4 c4 14.b3 cxb3 15.axb3 Nf6
16.Nc5 Bc8 17.Qd2 e6 18.Ra5 Nd7 19.Bg5 Qb6 20.b4 Nb8 21.b5 Bd7 22.e4 a6 23.exd5
Bxb5 24.Rb1 Ra7 25.dxe6 fxe6 26.Nxe6 Qxe6 27.Rbxb5 Qg4 28.Bf4 Rd7 29.Rxb8 Rxb8
30.Bxb8 Rxd4 31.Qa2+ Kh8 32.h3 Qc8 33.Rxa6 Rb4 34.Bf4 1-0

[Event "17. Int. Offene Wiener Schachmeisterschaft 2011 A-
[Site "Grosser Festsaal im Wiener Rathaus"]
[Date "2011.08.17"]
[Round "5"]
[Board "1"]
[White "Georgiadis, Nico"]
[Black "Stone, Andrew"]
[Result "1-0"]
[WhiteElo "2328"]
[BlackElo "2231"]
[PlyCount "79"]
[EventDate "2011.08.13"]
[EventRounds "9"]
[EventCountry "AUT"]

1.e4 e6 2.d4 d5 3.Nc3 Nf6 4.Bg5 Be7 5.e5 Nfd7 6.h4 Nc6 7.Nf3 f6 8.exf6 Nxf6
9.Bb5 O-O 10.Qe2 a6 11.Bxc6 bxc6 12.Ne5 Qe8 13.Nd3 Bd6 14.O-O-O a5 15.Rhe1 Bb4
16.f3 h6 17.Bd2 Bd6 18.Bf4 Nh5 19.Be5 Ng3 20.Qf2 Qg6 21.Ne2 Nxe2+ 22.Qxe2 Qh5
23.Rh1 Qf7 24.Rde1 Bb4 25.Nxb4 axb4 26.Rh3 Rxa2 27.Rg3 g6 28.Qd3 Kh7 29.Kb1 Ra7
30.h5 Rg8 31.hxg6+ Rxg6 32.Rh1 Qf5 33.Qd2 Qf8 34.Rxg6 Kxg6 35.Rh4 h5 36.Rf4 Qe7
37.Rf6+ Qxf6 38.Bxf6 Kxf6 39.Qxb4 Kf7 40.Qb8 1-0

[Event "17. Int. Offene Wiener Schachmeisterschaft 2011 A-
[Site "Grosser Festsaal im Wiener Rathaus"]
[Date "2011.08.17"]
[Round "5"]
[Board "1"]
[White "Muehlenhaus, Sven"]
[Black "Wallner, Joachim"]
[Result "1/2-1/2"]
[WhiteElo "2181"]
[BlackElo "2328"]
[PlyCount "87"]
[EventDate "2011.08.13"]
[EventRounds "9"]
[EventCountry "AUT"]

1.d4 d5 2.Nf3 Nf6 3.c4 c6 4.cxd5 cxd5 5.Nc3 Nc6 6.Bf4 a6 7.Rc1 Bf5 8.e3 Rc8
9.Bd3 Bxd3 10.Qxd3 e6 11.O-O Bd6 12.Bxd6 Qxd6 13.a3 O-O 14.Na4 Rc7 15.b4 Rfc8
16.Nc5 a5 17.Qb1 axb4 18.axb4 Na7 19.Qa1 b6 20.Qa6 Ne4 21.Nb7 Qe7 22.Rxc7 Qxc7
23.Qxa7 Rb8 24.Ra1 Rxb7 25.Qa3 f6 26.Rc1 Ra7 27.Rxc7 Rxa3 28.h4 Rb3 29.h5 h6
30.Nh4 Rb1+ 31.Kh2 Nxf2 32.Ng6 Rh1+ 33.Kg3 Ne4+ 34.Kg4 f5+ 35.Kf4 Rxh5 36.Ke5
Rg5 37.Rc8+ Kf7 38.Nf4 Rg3 39.Rc7+ Kg8 40.Nxe6 Rxg2 41.Rc8+ Kh7 42.Nf8+ Kg8
43.Ne6+ Kh7 44.Nf8+ 1/2-1/2

[Event "17. Int. Offene Wiener Schachmeisterschaft 2011 A-
[Site "Grosser Festsaal im Wiener Rathaus"]
[Date "2011.08.17"]
[Round "5"]
[Board "1"]
[White "Szalanczy, Emil"]
[Black "Gasik, Anna"]
[Result "1-0"]
[WhiteElo "2325"]
[BlackElo "2220"]
[PlyCount "165"]
[EventDate "2011.08.13"]
[EventRounds "9"]
[EventCountry "AUT"]

1.e4 c6 2.d4 d5 3.e5 Bf5 4.Nf3 e6 5.Be2 c5 6.O-O Nc6 7.Be3 cxd4 8.Nxd4 Nge7
9.Bb5 Qd7 10.Nd2 a6 11.Bxc6 Nxc6 12.Nxf5 exf5 13.Nf3 g6 14.Re1 Bg7 15.Bc5 Bf8
16.Bb6 Bh6 17.c3 O-O 18.Qb3 Rfe8 19.Rad1 Ne7 20.h3 Rac8 21.Rd3 Qc6 22.a4 Qc4
23.Qd1 Qc6 24.a5 g5 25.e6 fxe6 26.Nd4 Qd7 27.Rxe6 Bg7 28.Rde3 f4 29.Re1 Nc6
30.Qg4 Rxe6 31.Rxe6 h6 32.Qe2 Nxd4 33.Bxd4 Kf7 34.Rb6 Bxd4 35.Qh5+ Kf8 36.cxd4
Rc1+ 37.Kh2 Rc6 38.Rb3 Qe7 39.Qg4 Qf7 40.Qe2 Qc7 41.Qe1 Rc2 42.Qb4+ Kg8 43.Rf3
Kg7 44.Qb3 Rc4 45.Qd3 Qxa5 46.Qf5 Qb6 47.Qd7+ Kf6 48.Qh7 Qxd4 49.Qxh6+ Kf5
50.Qh7+ Ke5 51.Qxb7 Rb4 52.Qxa6 Qb6 53.Qe2+ Kf6 54.Ra3 Rxb2 55.Qd3 Qxf2 56.Qxd5
Rb6 57.Rf3 Qb2 58.h4 Qb5 59.hxg5+ Kg6 60.Qg8+ Kh5 61.Rh3+ Kg4 62.g6 Qe5 63.Qc8+
Re6 64.Rf3 Qh5+ 65.Kg1 Qxg6 66.Qd7 Qf5 67.Qd1 Kg5 68.Rh3 Kg6 69.Qd8 Qc5+ 70.Kh2
Qe5 71.Qg8+ Kf6 72.Qf8+ Kg5 73.Qg8+ Kf6 74.Rh6+ Ke7 75.Rh7+ Kd6 76.Qd8+ Kc5
77.Qa5+ Kc6 78.Qa4+ Kc5 79.Qc2+ Kb6 80.Qb3+ Kc5 81.Qa3+ Kc6 82.Qf3+ Kc5 83.Rh5 1-0

[Event "17. Int. Offene Wiener Schachmeisterschaft 2011 A-
[Site "Grosser Festsaal im Wiener Rathaus"]
[Date "2011.08.17"]
[Round "5"]
[Board "1"]
[White "Wiedermann, Daniel"]
[Black "Larsen, Karsten"]
[Result "0-1"]
[WhiteElo "2209"]
[BlackElo "2323"]
[PlyCount "74"]
[EventDate "2011.08.13"]
[EventRounds "9"]
[EventCountry "AUT"]

1.d4 d5 2.c4 e6 3.Nc3 Nf6 4.cxd5 exd5 5.Bg5 Be7 6.Qc2 O-O 7.e3 c6 8.Bd3 Nbd7
9.Nge2 Re8 10.O-O Nf8 11.f3 Be6 12.Rae1 Rc8 13.Kh1 a6 14.a3 b5 15.b4 h6 16.Bh4
a5 17.Qb2 axb4 18.axb4 N6d7 19.Bxe7 Qxe7 20.e4 Nb6 21.e5 Nc4 22.Bxc4 bxc4 23.Ra1
Rb8 24.b5 Rb7 25.f4 f5 26.exf6 gxf6 27.f5 Bf7 28.Qd2 cxb5 29.Qxh6 Nh7 30.h4 b4
31.Rf3 Qf8 32.Rg3+ Kh8 33.Qc1 bxc3 34.Nf4 Qd6 35.Ng6+ Bxg6 36.Rxg6 Rbe7 37.Qxc3
Qf4 0-1

[Event "17. Int. Offene Wiener Schachmeisterschaft 2011 A-
[Site "Grosser Festsaal im Wiener Rathaus"]
[Date "2011.08.17"]
[Round "5"]
[Board "1"]
[White "Feher, Adam"]
[Black "Duport, Nicolas"]
[Result "0-1"]
[WhiteElo "2323"]
[BlackElo "2169"]
[PlyCount "68"]
[EventDate "2011.08.13"]
[EventRounds "9"]
[EventCountry "AUT"]

1.e4 c5 2.Nf3 Nc6 3.d4 cxd4 4.Nxd4 Nf6 5.Nc3 d6 6.Bg5 Bd7 7.Qd2 Rc8 8.f4 Nxd4
9.Qxd4 Qa5 10.e5 dxe5 11.fxe5 e6 12.O-O-O Bc6 13.Nb5 Bxb5 14.exf6 Bc6 15.h4 g6
16.Bc4 Bc5 17.Qg4 h5 18.Qg3 Be4 19.Rhe1 Bf5 20.Rd5 Qb6 21.Rxf5 gxf5 22.Qd3 Kf8
23.Rd1 Kg8 24.Bf4 Bf2 25.Bb3 Bxh4 26.Be5 Kh7 27.Qf3 Kg6 28.Kb1 Rcd8 29.Rf1 Rd2
30.a3 Rf2 31.Rxf2 Qxf2 32.Qh3 Qe1+ 33.Ka2 Qxe5 34.Qxh4 Qxf6 0-1

[Event "17. Int. Offene Wiener Schachmeisterschaft 2011 A-
[Site "Grosser Festsaal im Wiener Rathaus"]
[Date "2011.08.17"]
[Round "5"]
[Board "1"]
[White "Frindt, Kornel"]
[Black "Goumas, Georgios"]
[Result "0-1"]
[WhiteElo "2209"]
[BlackElo "2323"]
[PlyCount "70"]
[EventDate "2011.08.13"]
[EventRounds "9"]
[EventCountry "AUT"]

1.e4 c5 2.Nf3 Nc6 3.d4 cxd4 4.Nxd4 g6 5.Nc3 Bg7 6.Be3 Nf6 7.f3 O-O 8.Bc4 Qb6
9.Qd2 Nxe4 10.Nxc6 Nxd2 11.Nxe7+ Kh8 12.Bxb6 Nxc4 13.Bf2 Nxb2 14.Ncd5 b6 15.O-O
Bb7 16.Rfe1 Bxd5 17.Nxd5 Rac8 18.Rac1 h6 19.Bg3 Rc6 20.Re7 Nd3 21.Rd1 Nc5 22.Bf2
Re6 23.Bxc5 bxc5 24.Rxd7 Re2 25.Rxa7 Rxc2 26.Ne3 Re2 27.Nc4 Bd4+ 28.Kh1 Rfe8
29.h4 Kg8 30.Rb1 Re1+ 31.Rxe1 Rxe1+ 32.Kh2 Rc1 33.Nd2 Be5+ 34.g3 Rc2 35.Rd7 Bc3 0-1

[Event "17. Int. Offene Wiener Schachmeisterschaft 2011 A-
[Site "Grosser Festsaal im Wiener Rathaus"]
[Date "2011.08.17"]
[Round "5"]
[Board "1"]
[White "Platzgummer, Fabian"]
[Black "Lechner, Daniel"]
[Result "1/2-1/2"]
[WhiteElo "2311"]
[BlackElo "2198"]
[PlyCount "100"]
[EventDate "2011.08.13"]
[EventRounds "9"]
[EventCountry "AUT"]

1.c4 g6 2.g3 Bg7 3.Bg2 Nf6 4.Nc3 O-O 5.d4 d6 6.Nf3 Nbd7 7.O-O e5 8.h3 a6 9.dxe5
Nxe5 10.Nxe5 dxe5 11.Qxd8 Rxd8 12.Bg5 Re8 13.Rac1 c6 14.Na4 Nd7 15.Rfd1 Nf8
16.Nb6 Rb8 17.Nxc8 Rbxc8 18.Be3 f5 19.Bb6 e4 20.b4 Be5 21.a4 Re7 22.b5 cxb5
23.cxb5 Rxc1 24.Rxc1 axb5 25.axb5 Ne6 26.Rd1 Bc7 27.Be3 g5 28.Bc1 Be5 29.Rd5 Nc7
30.Rd8+ Re8 31.Rxe8+ Nxe8 32.g4 Nd6 33.gxf5 h6 34.b6 Bd4 35.Ba3 Nxf5 36.Bxe4 Ng7
37.h4 Bxb6 38.hxg5 hxg5 39.Be7 Ne6 40.Bd5 Kf7 41.Bxg5 Kg6 42.Bxe6 Kxg5 43.Bd5
Kf4 44.Bxb7 Bc5 45.Kg2 Bd4 46.Kf1 Bc5 47.Ke1 Bd4 48.Bc6 Bc5 49.e3+ Bxe3 50.fxe3+
Kxe3 1/2-1/2

[Event "17. Int. Offene Wiener Schachmeisterschaft 2011 A-
[Site "Grosser Festsaal im Wiener Rathaus"]
[Date "2011.08.17"]
[Round "5"]
[Board "1"]
[White "Jeitz, Christian"]
[Black "Stromboli, Carlo"]
[Result "1/2-1/2"]
[WhiteElo "2165"]
[BlackElo "2304"]
[PlyCount "82"]
[EventDate "2011.08.13"]
[EventRounds "9"]
[EventCountry "AUT"]

1.e4 e5 2.Nf3 Nc6 3.Bb5 a6 4.Ba4 Nf6 5.O-O b5 6.Bb3 Bc5 7.a4 Bb7 8.d3 h6 9.Nc3
b4 10.Nd5 a5 11.c3 O-O 12.Nxf6+ Qxf6 13.Bd5 Rab8 14.Nd2 Ne7 15.Bxb7 Rxb7 16.Nc4
Ra8 17.Be3 Bxe3 18.Nxe3 c6 19.d4 bxc3 20.bxc3 exd4 21.cxd4 Rb4 22.Nc2 Rb2 23.d5
cxd5 24.exd5 Nf5 25.Ra3 Rc8 26.Ne3 Nd6 27.Qd3 Rb4 28.Qa6 Qb2 29.Rd3 Nb7 30.Nf5
Kh7 31.Rg3 g6 32.Rh3 Rb6 33.Rxh6+ Kg8 34.Ne7+ Kg7 35.Nf5+ Kg8 36.Ne7+ Kf8
37.Qxb6 Qxb6 38.Nxc8 Qd4 39.Rh3 Qxd5 40.Rc3 Qd4 41.Rc7 Nd8 1/2-1/2

[Event "17. Int. Offene Wiener Schachmeisterschaft 2011 A-
[Site "Grosser Festsaal im Wiener Rathaus"]
[Date "2011.08.17"]
[Round "5"]
[Board "1"]
[White "Schnepp, Gunnar"]
[Black "Petermann, Michail"]
[Result "1/2-1/2"]
[WhiteElo "2300"]
[BlackElo "2149"]
[PlyCount "61"]
[EventDate "2011.08.13"]
[EventRounds "9"]
[EventCountry "AUT"]

1.d4 d5 2.c4 e6 3.Nc3 c5 4.cxd5 cxd4 5.Qa4+ Bd7 6.Qxd4 exd5 7.Qxd5 Nc6 8.Bg5 Nf6
9.Qd2 Qa5 10.Bxf6 gxf6 11.Qd5 Bc5 12.O-O-O O-O-O 13.Ne4 Be6 14.Qxc5 Rxd1+
15.Kxd1 Qa4+ 16.Qc2 Qxa2 17.Kc1 Bb3 18.Nc3 Qa1+ 19.Qb1 Qa5 20.e3 Nb4 21.Bd3 Rd8
22.Bf5+ Kb8 23.Nf3 Qc7 24.Qe4 Na2+ 25.Kb1 Nxc3+ 26.bxc3 Qa5 27.Nd4 Qa2+ 28.Kc1
Qa3+ 29.Kb1 Qa2+ 30.Kc1 Qa3+ 31.Kb1 1/2-1/2

[Event "17. Int. Offene Wiener Schachmeisterschaft 2011 A-
[Site "Grosser Festsaal im Wiener Rathaus"]
[Date "2011.08.17"]
[Round "5"]
[Board "1"]
[White "Raber, Florian"]
[Black "De Groote, Ewoud"]
[Result "0-1"]
[WhiteElo "2153"]
[BlackElo "2263"]
[PlyCount "44"]
[EventDate "2011.08.13"]
[EventRounds "9"]
[EventCountry "AUT"]

1.d4 Nf6 2.c4 e6 3.Nc3 Bb4 4.f3 c5 5.a3 Bxc3+ 6.bxc3 Nc6 7.e3 b6 8.Bd3 O-O 9.Ne2
Ba6 10.e4 Ne8 11.Be3 d6 12.O-O Na5 13.Qa4 Rc8 14.d5 exd5 15.exd5 Nc7 16.Kf2 Bxc4
17.Qc2 Qh4+ 18.g3 Qxh2+ 19.Ke1 Rfe8 20.Rf2 Qh1+ 21.Rf1 Qh5 22.Be4 Nxd5 0-1

[Event "17. Int. Offene Wiener Schachmeisterschaft 2011 A-
[Site "Grosser Festsaal im Wiener Rathaus"]
[Date "2011.08.17"]
[Round "5"]
[Board "1"]
[White "Blodstein, Boris"]
[Black "Aripov, Iskandar"]
[Result "1/2-1/2"]
[WhiteElo "2255"]
[BlackElo "2123"]
[PlyCount "75"]
[EventDate "2011.08.13"]
[EventRounds "9"]
[EventCountry "AUT"]

1.d4 d5 2.c4 c6 3.Nc3 e6 4.Nf3 Nf6 5.cxd5 exd5 6.Bg5 Bf5 7.e3 Nbd7 8.Bd3 Bxd3
9.Qxd3 Bd6 10.O-O O-O 11.Rab1 a5 12.a3 Re8 13.Rfe1 Qc7 14.e4 dxe4 15.Nxe4 Nd5
16.g3 Bf8 17.Bd2 a4 18.Re2 g6 19.Rbe1 Qb6 20.Bc1 Re7 21.Kg2 Rae8 22.Ne5 Qd8
23.Nf3 f5 24.Neg5 Rxe2 25.Rxe2 Rxe2 26.Qxe2 Qe7 27.Qe6+ Qxe6 28.Nxe6 Be7 29.Ne5
Nf8 30.Nxf8 Kxf8 31.Nc4 Bd8 32.Kf3 b5 33.Ne5 Bb6 34.Nxc6 Ne7 35.Nxe7 Kxe7 36.Be3
Kd6 37.Ke2 Kd5 38.Ke1 1/2-1/2

[Event "17. Int. Offene Wiener Schachmeisterschaft 2011 A-
[Site "Grosser Festsaal im Wiener Rathaus"]
[Date "2011.08.17"]
[Round "5"]
[Board "1"]
[White "Formanek, Edward W"]
[Black "Fraser-Mitchell, Jeremy"]
[Result "1-0"]
[WhiteElo "2225"]
[BlackElo "2038"]
[PlyCount "111"]
[EventDate "2011.08.13"]
[EventRounds "9"]
[EventCountry "AUT"]

1.e4 e6 2.d4 d5 3.Nc3 dxe4 4.Nxe4 Qd5 5.Nc3 Bb4 6.Nf3 Nf6 7.Bd2 Bxc3 8.Bxc3 Nbd7
9.Be2 b6 10.O-O Bb7 11.Bb4 c5 12.dxc5 bxc5 13.Qxd5 Bxd5 14.Ba3 O-O 15.Nd2 Rfc8
16.c4 Bb7 17.Rfd1 Kf8 18.Nb3 a5 19.Nd4 Rab8 20.Nb5 Ba8 21.Rd6 Rb6 22.Rd2 Ke7
23.Rad1 Ne5 24.f3 Ng6 25.Rd8 Rbc6 26.Rxc8 Rxc8 27.Rd6 Nd7 28.Ra6 Nge5 29.Rxa5
Nc6 30.Na7 Nxa7 31.Rxa7 Kd6 32.Kf2 Bc6 33.b4 Ra8 34.Rxa8 Bxa8 35.b5 Nb6 36.Bb2
e5 37.f4 f6 38.fxe5+ fxe5 39.Bc3 Be4 40.Ba5 Nd7 41.Bd8 Nf8 42.a4 Ne6 43.Bb6 Nf4
44.Bf1 Bd3 45.Ba7 Bxf1 46.Kxf1 Nd3 47.Bb8+ Kd7 48.a5 Nb2 49.Bxe5 Nxc4 50.a6 g6
51.a7 Nb6 52.Bc3 Kc8 53.Ba5 Na8 54.Ke2 Kb7 55.b6 Ka6 56.Kd3 1-0